[Event "Open Marianske Lazne 2015 - B1 - mistro"]
[Site "Marianske Lazne CZE"]
[Date "2015.01.18"]
[Round "2.3"]
[White "Demidov, Mikhail"]
[Black "Gungl, Theo"]
[Result "1-0"]
[WhiteElo "2519"]
[BlackElo "2151"]
[PlyCount "135"]
[EventDate "2015.01.17"]
[EventType "tourn"]
[EventRounds "9"]
[EventCountry "CZE"]
[EventCategory "1"]
[Source "lmi"]
[SourceDate "2015.01.17"]

1. b3 g6 2. Bb2 Nf6 3. Nf3 Bg7 4. g3 d5 5. c4 c6 6. Bg2 O-O 7. O-O Nbd7 8. Qc2
b6 9. d3 Bb7 10. e4 e6 11. Re1 c5 12. e5 Ne8 13. Nbd2 d4 14. Re2 Qc7 15. Rae1
Bc6 16. Bc1 Rc8 17. h4 h5 18. Qd1 Qb8 19. Bh3 Qc7 20. a3 a5 21. Bg2 Qb8 22. Bh3
Qc7 23. g4 Qd8 24. gxh5 gxh5 25. Ng5 Qe7 26. f4 Bh6 27. Nde4 Bxe4 28. Rxe4 Bxg5
29. hxg5 Ng7 30. R4e2 Kh7 31. Rh2 Rh8 32. Bg4 Kg6 33. Bf3 Rh7 34. Kf2 Rch8 35.
Reh1 Nf8 36. Qe2 h4 37. Qe4+ Nf5 38. Qc6 Qd8 39. Be4 Kg7 40. Bxf5 exf5 41. Qf6+
Qxf6 42. gxf6+ Kg8 43. Rg1+ Ng6 44. Rh3 Kf8 45. b4 Ke8 46. bxc5 bxc5 47. Bd2
Kd7 48. Rb1 Kc6 49. a4 Ra8 50. Rb5 Rhh8 51. Rh1 Rhb8 52. Rhb1 Rxb5 53. Rxb5 Nf8
54. Rxa5 Rb8 55. Rb5 Ra8 56. a5 Ne6 57. Rb6+ Kc7 58. Rb1 Rg8 59. a6 Kc6 60. Ba5
h3 61. a7 Ra8 62. Rb6+ Kd7 63. Rb7+ Kc6 64. Rxf7 Rh8 65. Kg1 Rc8 66. Kh2 Rg8
67. Re7 Rg2+ 68. Kh1 1-0

[Event "Open Marianske Lazne 2015 - B1 - mistro"]
[Site "Marianske Lazne CZE"]
[Date "2015.01.18"]
[Round "2.4"]
[White "Mazja, Aleksandr G"]
[Black "Jurek, Josef"]
[Result "1/2-1/2"]
[WhiteElo "2297"]
[BlackElo "2291"]
[PlyCount "40"]
[EventDate "2015.01.17"]
[EventType "tourn"]
[EventRounds "9"]
[EventCountry "CZE"]
[EventCategory "1"]
[Source "lmi"]
[SourceDate "2015.01.17"]

1. d4 Nf6 2. Bg5 e6 3. e4 d5 4. Nc3 dxe4 5. Nxe4 Be7 6. Bxf6 gxf6 7. Nf3 a6 8.
Bd3 f5 9. Ned2 c5 10. dxc5 Qc7 11. Qe2 Nd7 12. Nb3 Nxc5 13. Nxc5 Qxc5 14. O-O-O
b5 15. Ne5 Bf6 16. Rhe1 Bxe5 17. Qxe5 Qxe5 18. Rxe5 Bb7 19. Bxf5 Bxg2 20. Be4
Bxe4 1/2-1/2

[Event "Open Marianske Lazne 2015 - B1 - mistro"]
[Site "Marianske Lazne CZE"]
[Date "2015.01.18"]
[Round "2.5"]
[White "Martynkova, Olena"]
[Black "Lokander, Martin"]
[Result "1-0"]
[WhiteElo "2124"]
[BlackElo "2357"]
[PlyCount "159"]
[EventDate "2015.01.17"]
[EventType "tourn"]
[EventRounds "9"]
[EventCountry "CZE"]
[EventCategory "1"]
[Source "lmi"]
[SourceDate "2015.01.17"]

1. Nf3 Nf6 2. c4 g6 3. g3 Bg7 4. Bg2 O-O 5. O-O d6 6. d4 c6 7. Nc3 Qa5 8. Qc2
e5 9. dxe5 dxe5 10. Rd1 Re8 11. e4 Bg4 12. Be3 Nbd7 13. h3 Bxf3 14. Bxf3 Nf8
15. a3 Ne6 16. Ne2 Rad8 17. Rxd8 Rxd8 18. Rd1 h5 19. h4 Bf8 20. Rxd8 Qxd8 21.
Qd2 Qxd2 22. Bxd2 Nc5 23. Nc3 Nd3 24. Nd1 Bc5 25. Kf1 Bd4 26. b4 Nd7 27. Be2
Nb2 28. Nxb2 Bxb2 29. a4 a5 30. b5 cxb5 31. cxb5 b6 32. Bd1 Kf8 33. Ke2 Ke7 34.
Be3 Ba3 35. Kd3 Bc5 36. f3 Bb4 37. Bf2 Bc5 38. Bxc5+ Nxc5+ 39. Kc4 Kd6 40. Bc2
Ne6 41. Bd1 f6 42. Kc3 g5 43. Bb3 Nd4 44. Bd1 Kc5 45. Kd3 Kb4 46. hxg5 fxg5 47.
f4 gxf4 48. gxf4 h4 49. fxe5 Ne6 50. Bg4 Nf4+ 51. Kd4 Kxa4 52. e6 Ng6 53. Kd5
Kb4 54. Kd6 a4 55. Bf5 a3 56. Bxg6 a2 57. e7 a1=Q 58. e8=Q Qd4+ 59. Ke6 h3 60.
Qe7+ Ka4 61. Qa7+ Kb4 62. Qe7+ Ka4 63. Qh4 Qg1 64. e5+ Ka5 65. Be4 h2 66. Bd5
Qg8+ 67. Kd6 Qb8+ 68. Ke6 Qg8+ 69. Kd6 Qb8+ 70. Ke6 Qc8+ 71. Kd6 Qc5+ 72. Ke6
Qxb5 73. Qe1+ Ka6 74. Qa1+ Qa5 75. Qxa5+ bxa5 76. Kd6 a4 77. e6 a3 78. e7 a2
79. e8=Q a1=Q 80. Qa8+ 1-0

[Event "Open Marianske Lazne 2015 - B1 - mistro"]
[Site "Marianske Lazne CZE"]
[Date "2015.01.19"]
[Round "3.1"]
[White "Lokander, Martin"]
[Black "Gadimbayli, Abdulla"]
[Result "1/2-1/2"]
[WhiteElo "2357"]
[BlackElo "2184"]
[PlyCount "143"]
[EventDate "2015.01.17"]
[EventType "tourn"]
[EventRounds "9"]
[EventCountry "CZE"]
[EventCategory "1"]
[Source "lmi"]
[SourceDate "2015.01.17"]

1. Nf3 d5 2. g3 Nf6 3. Bg2 Bg4 4. c4 c6 5. Ne5 Be6 6. cxd5 Bxd5 7. Nf3 c5 8.
Nc3 Bc6 9. O-O Nbd7 10. d3 e5 11. Ng5 Nb8 12. Qb3 Qd7 13. Bh3 Qc7 14. Nb5 Bxb5
15. Qxb5+ Nc6 16. Bg2 Rc8 17. Be3 h6 18. Ne4 Nxe4 19. Bxe4 a6 20. Qa4 Be7 21.
Rfc1 Qb6 22. Qb3 Qa7 23. Bxc6+ Rxc6 24. Qd5 O-O 25. b4 Rfc8 26. Rab1 Qb8 27.
bxc5 Qc7 28. Rb6 Rd8 29. Qe4 Rxc5 30. Rxc5 Qxb6 31. Rxe5 Qb1+ 32. Kg2 Bf6 33.
Re8+ Rxe8 34. Qxe8+ Kh7 35. Qxf7 Qc2 36. Qc4 Qxe2 37. a4 Qb2 38. h4 Qb1 39. h5
b5 40. Qe4+ Kh8 41. a5 b4 42. Qe8+ Kh7 43. Qg6+ Kh8 44. Qe8+ Kh7 45. Qe4+ Kh8
46. Qa8+ Kh7 47. Qxa6 Qa2 48. Qb5 b3 49. a6 b2 50. a7 b1=Q 51. Qxb1 Qxb1 52.
a8=Q Qxd3 53. Qf3 Kh8 54. Bf4 Qxf3+ 55. Kxf3 Kg8 56. Ke4 Kf7 57. Kf5 Be7 58.
Be5 Bd8 59. g4 Be7 60. f4 Bd8 61. g5 hxg5 62. fxg5 g6+ 63. hxg6+ Kg8 64. g7 Ba5
65. Kg6 Bc3 66. Bf6 Bd2 67. Be5 Bc3 68. Bf6 Bd2 69. Kh5 Be3 70. Bc3 Bc5 71. Kh6
Be3 72. Be5 1/2-1/2

[Event "Open Marianske Lazne 2015 - B1 - mistro"]
[Site "Marianske Lazne CZE"]
[Date "2015.01.19"]
[Round "3.2"]
[White "Jurek, Josef"]
[Black "Martynkova, Olena"]
[Result "1-0"]
[WhiteElo "2291"]
[BlackElo "2124"]
[PlyCount "125"]
[EventDate "2015.01.17"]
[EventType "tourn"]
[EventRounds "9"]
[EventCountry "CZE"]
[EventCategory "1"]
[Source "lmi"]
[SourceDate "2015.01.17"]

1. Nf3 Nf6 2. g3 g6 3. b3 Bg7 4. Bb2 O-O 5. Bg2 d6 6. d4 Nbd7 7. O-O c6 8. a4
Re8 9. Re1 d5 10. Nbd2 b6 11. e4 Nxe4 12. Nxe4 dxe4 13. Ng5 Nf6 14. Nxe4 Nxe4
15. Bxe4 Bb7 16. a5 bxa5 17. Ra4 e5 18. Qa1 exd4 19. Bxd4 Bxd4 20. Rxd4 Qe7 21.
Rdd1 Qe5 22. Bf3 Qxa1 23. Rxa1 Rxe1+ 24. Rxe1 Kf8 25. Ra1 Ke7 26. Rxa5 Kd6 27.
b4 Kc7 28. g4 f6 29. Ra3 a6 30. Re3 Kd7 31. h4 Re8 32. Rxe8 Kxe8 33. Be4 Ke7
34. g5 fxg5 35. hxg5 Kd6 36. f4 Bc8 37. c3 c5 38. Kf2 cxb4 39. cxb4 Kc7 40. Ke3
Kb6 41. Bd3 a5 42. bxa5+ Kxa5 43. Kd4 Kb6 44. Ke5 Kc5 45. Bb1 Kc4 46. Ba2+ Kd3
47. Bg8 Ke3 48. Bxh7 Bf5 49. Bg8 Bc2 50. Be6 Kf3 51. f5 gxf5 52. Bxf5 Bb3 53.
g6 Kg3 54. Be6 Bc2 55. g7 Bh7 56. Bd7 Kf3 57. Bf5 Bg8 58. Be6 Bh7 59. Kf6 Kf4
60. Ke7 Ke4 61. Kf8 Ke5 62. Bb3 Kf6 63. Bc2 1-0

[Event "Open Marianske Lazne 2015 - B1 - mistro"]
[Site "Marianske Lazne CZE"]
[Date "2015.01.19"]
[Round "3.3"]
[White "Gungl, Theo"]
[Black "Mazja, Aleksandr G"]
[Result "1-0"]
[WhiteElo "2151"]
[BlackElo "2297"]
[PlyCount "83"]
[EventDate "2015.01.17"]
[EventType "tourn"]
[EventRounds "9"]
[EventCountry "CZE"]
[EventCategory "1"]
[Source "lmi"]
[SourceDate "2015.01.17"]

1. e4 c5 2. Nf3 e6 3. d4 cxd4 4. Nxd4 a6 5. Nc3 d6 6. Bd3 Nf6 7. Bg5 Be7 8. f4
h6 9. Bh4 Nxe4 10. Bxe7 Nxc3 11. Qg4 Kxe7 12. bxc3 Kf8 13. Qf3 Qb6 14. Qf2 Qc5
15. O-O Nc6 16. Nxc6 Qxf2+ 17. Kxf2 bxc6 18. Rab1 Ke7 19. Rb6 Kd7 20. Rfb1 Kc7
21. Be2 Ra7 22. Bf3 d5 23. c4 Rd8 24. c5 a5 25. a4 Ba6 26. Ke3 f6 27. Kd4 Rb7
28. R1b3 Re8 29. Rxa6 e5+ 30. fxe5 fxe5+ 31. Ke3 Rxb3+ 32. cxb3 Rb8 33. Bd1 Rb4
34. Ra7+ Kb8 35. Rxg7 Re4+ 36. Kd3 Rd4+ 37. Kc2 Rf4 38. Be2 e4 39. Kd2 d4 40.
Rg4 e3+ 41. Kd3 Rf2 42. h4 1-0

[Event "Open Marianske Lazne 2015 - B1 - mistro"]
[Site "Marianske Lazne CZE"]
[Date "2015.01.19"]
[Round "3.4"]
[White "Gumularz, Szymon"]
[Black "Demidov, Mikhail"]
[Result "1-0"]
[WhiteElo "2256"]
[BlackElo "2519"]
[PlyCount "105"]
[EventDate "2015.01.17"]
[EventType "tourn"]
[EventRounds "9"]
[EventCountry "CZE"]
[EventCategory "1"]
[Source "lmi"]
[SourceDate "2015.01.17"]

1. e4 c5 2. Nf3 Nc6 3. d4 cxd4 4. Nxd4 Qa5+ 5. Nc3 Nf6 6. Nb3 Qc7 7. Bd3 e6 8.
O-O a6 9. f4 d6 10. a4 Be7 11. Be3 b6 12. Qf3 Bb7 13. Qg3 h5 14. h3 h4 15. Qf2
Nd7 16. f5 Bf6 17. Ne2 exf5 18. exf5 Nce5 19. Nf4 Nc5 20. a5 Nexd3 21. Nxd3
Nxb3 22. cxb3 bxa5 23. Bb6 Qd7 24. Rfe1+ Kf8 25. Bd4 Rh6 26. Rxa5 Kg8 27. Bxf6
Rxf6 28. Qxh4 Qd8 29. Qb4 Rb8 30. Qd2 Qb6+ 31. Nf2 Rc8 32. Kh2 d5 33. Ng4 Rxf5
34. Ra4 Qc7+ 35. Kh1 d4 36. Rxd4 Qg3 37. Nh6+ gxh6 38. Rg4+ Qxg4 39. hxg4 Rg5
40. Qd7 Rb5 41. Re7 Rf8 42. Qd6 Bc8 43. Qxh6 Bxg4 44. Qxa6 Rh5+ 45. Kg1 Rc8 46.
Qa4 Rc1+ 47. Kf2 Rf5+ 48. Kg3 Bh5 49. Re8+ Kh7 50. Qd4 Rg5+ 51. Kh2 Rg7 52.
Qe4+ Rg6 53. Qe5 1-0

[Event "Open Marianske Lazne 2015 - B1 - mistro"]
[Site "Marianske Lazne CZE"]
[Date "2015.01.19"]
[Round "3.5"]
[White "Repka, Christopher"]
[Black "Ioannidis, Evgenios"]
[Result "1/2-1/2"]
[WhiteElo "2417"]
[BlackElo "2087"]
[PlyCount "82"]
[EventDate "2015.01.17"]
[EventType "tourn"]
[EventRounds "9"]
[EventCountry "CZE"]
[EventCategory "1"]
[Source "lmi"]
[SourceDate "2015.01.17"]

1. Nf3 d5 2. e3 Nf6 3. c4 c6 4. b3 Bg4 5. Bb2 Nbd7 6. h3 Bf5 7. Be2 h6 8. O-O
e6 9. Nc3 Bd6 10. d3 O-O 11. Re1 Qe7 12. a3 e5 13. cxd5 Nxd5 14. e4 Nxc3 15.
Bxc3 Bh7 16. Qc1 c5 17. a4 Nb8 18. Nd2 Nc6 19. Nc4 Nd4 20. Qd1 b6 21. Bg4 Nc6
22. Ne3 Rad8 23. a5 bxa5 24. Bxa5 Rb8 25. Bc3 Qb7 26. Rb1 Rfd8 27. Qf3 Nd4 28.
Qg3 Kh8 29. Nc4 Qe7 30. Rb2 Rb5 31. h4 Bc7 32. Ne3 Bd6 33. Qh3 Qb7 34. Nc4 Bg8
35. Rc1 Bc7 36. Rcb1 Bd6 37. b4 cxb4 38. Nxd6 Rxd6 39. Rxb4 Rxb4 40. Rxb4 Rb6
41. Ra4 Ra6 1/2-1/2

[Event "Open Marianske Lazne 2015 - B1 - mistro"]
[Site "Marianske Lazne CZE"]
[Date "2015.01.20"]
[Round "4.1"]
[White "Gadimbayli, Abdulla"]
[Black "Ioannidis, Evgenios"]
[Result "1-0"]
[WhiteElo "2184"]
[BlackElo "2087"]
[PlyCount "197"]
[EventDate "2015.01.17"]
[EventType "tourn"]
[EventRounds "9"]
[EventCountry "CZE"]
[EventCategory "1"]
[Source "lmi"]
[SourceDate "2015.01.17"]

1. e4 c5 2. Nf3 d6 3. d4 cxd4 4. Nxd4 Nf6 5. Nc3 a6 6. Be3 e6 7. g4 e5 8. Nf5
h5 9. g5 Nxe4 10. Nxg7+ Bxg7 11. Nxe4 d5 12. Ng3 d4 13. Bd2 Qd5 14. h4 Nc6 15.
Qe2 Bg4 16. Qc4 Qxc4 17. Bxc4 f5 18. gxf6 Bxf6 19. Bd5 O-O-O 20. Be4 Rhg8 21.
Nf5 Bxf5 22. Bxf5+ Kc7 23. O-O-O Rg2 24. f4 exf4 25. Bxf4+ Kb6 26. Bd2 Rf2 27.
Bg6 Ne5 28. Rdf1 Bxh4 29. Rxf2 Bxf2 30. Rxh5 Nc4 31. b3 Nxd2 32. Kxd2 Rc8 33.
Be4 Be3+ 34. Ke2 a5 35. Rf5 Rc7 36. a4 Rg7 37. Rb5+ Ka6 38. Bd3 Rg2+ 39. Kf3
Rf2+ 40. Kg3 Ka7 41. Rxa5+ Kb8 42. Rb5 Ka7 43. Be4 Rf7 44. Bf5 Bd2 45. Kf3 Re7
46. Be4 Bc3 47. Kf4 Rf7+ 48. Kg5 Rc7 49. Rd5 Kb6 50. Kf4 Rf7+ 51. Bf5 Re7 52.
Bd3 Ka7 53. Kf5 Kb8 54. Kf6 Rc7 55. Re5 Ka7 56. Kf5 b6 57. Re8 Kb7 58. Be4+ Ka6
59. Ra8+ Ra7 60. Bd3+ Kb7 61. Re8 Kc6 62. Re6+ Kc5 63. Re5+ Kd6 64. Re6+ Kc5
65. Bb5 Rf7+ 66. Ke4 Rc7 67. Kd3 Rc8 68. Rg6 Rc7 69. Re6 Rc8 70. Rg6 Rc7 71.
Bc4 Re7 72. Be6 b5 73. axb5 Kxb5 74. Ke4 Kc5 75. Kf5 Rh7 76. Bc4 Re7 77. Be6
Rh7 78. Bc4 Re7 79. Rg5 Re1 80. Bd3 Kb4 81. Rg4 Kc5 82. Be4 Kd6 83. Rg6+ Kc5
84. Bd3 Kd5 85. Rb6 Kc5 86. Rb8 Kd5 87. b4 Kd6 88. b5 Kc7 89. Ra8 Ra1 90. Rh8
Re1 91. Rh7+ Kb8 92. b6 Ba5 93. Be4 Bxb6 94. Rb7+ Kc8 95. Rxb6 Kc7 96. Rc6+ Kd7
97. Rc4 Kd6 98. Rxd4+ Kc5 99. Rd8 1-0

[Event "Open Marianske Lazne 2015 - B1 - mistro"]
[Site "Marianske Lazne CZE"]
[Date "2015.01.20"]
[Round "4.2"]
[White "Demidov, Mikhail"]
[Black "Repka, Christopher"]
[Result "1-0"]
[WhiteElo "2519"]
[BlackElo "2417"]
[PlyCount "79"]
[EventDate "2015.01.17"]
[EventType "tourn"]
[EventRounds "9"]
[EventCountry "CZE"]
[EventCategory "1"]
[Source "lmi"]
[SourceDate "2015.01.17"]

1. d4 e6 2. Nf3 Nf6 3. c4 b6 4. g3 Bb7 5. Bg2 Be7 6. O-O O-O 7. b3 d5 8. Nbd2
c5 9. dxc5 bxc5 10. cxd5 exd5 11. Bb2 Na6 12. Rc1 Qb6 13. Qc2 h6 14. Qb1 Rfe8
15. e3 Rad8 16. Rfd1 Qe6 17. a3 Bf8 18. Bc3 Nc7 19. b4 c4 20. Nd4 Qb6 21. a4
Bc8 22. b5 Bg4 23. Re1 Bd7 24. Qa1 Qd6 25. Red1 Qa3 26. Ba5 Rc8 27. e4 Qxa1 28.
Rxa1 Nxe4 29. Nxe4 dxe4 30. Rac1 Bg4 31. Re1 Nd5 32. Nc6 a6 33. Rxe4 Rxe4 34.
Bxe4 Nf6 35. Bg2 axb5 36. axb5 Be2 37. b6 Nd7 38. b7 Re8 39. Re1 Bd6 40. Bf1
1-0

[Event "Open Marianske Lazne 2015 - B1 - mistro"]
[Site "Marianske Lazne CZE"]
[Date "2015.01.20"]
[Round "4.3"]
[White "Mazja, Aleksandr G"]
[Black "Gumularz, Szymon"]
[Result "1/2-1/2"]
[WhiteElo "2297"]
[BlackElo "2256"]
[PlyCount "78"]
[EventDate "2015.01.17"]
[EventType "tourn"]
[EventRounds "9"]
[EventCountry "CZE"]
[EventCategory "1"]
[Source "lmi"]
[SourceDate "2015.01.17"]

1. d4 d5 2. c4 e6 3. Nc3 Nf6 4. Nf3 c6 5. cxd5 exd5 6. Qc2 g6 7. Bg5 Bg7 8. e3
Bf5 9. Bd3 Bxd3 10. Qxd3 O-O 11. O-O Re8 12. b4 a6 13. Na4 Nbd7 14. Nc5 Qc8 15.
Nd2 b6 16. Nxd7 Qxd7 17. Bxf6 Bxf6 18. Rac1 a5 19. a3 axb4 20. axb4 Rec8 21.
Qb3 Be7 22. Nf3 Qd6 23. b5 c5 24. dxc5 Rxc5 25. Rxc5 Qxc5 26. g3 Ra5 27. Rb1
Bf6 28. Qb4 Ra1 29. Qe1 Rxb1 30. Qxb1 Kg7 31. Qd3 Qc1+ 32. Kg2 Qc5 33. Kf1 Qc1+
34. Ke2 Qb2+ 35. Nd2 Bc3 36. Qxd5 Bxd2 37. Qxd2 Qxb5+ 38. Kf3 Qc6+ 39. Ke2 Qb5+
1/2-1/2

[Event "Open Marianske Lazne 2015 - B1 - mistro"]
[Site "Marianske Lazne CZE"]
[Date "2015.01.20"]
[Round "4.4"]
[White "Martynkova, Olena"]
[Black "Gungl, Theo"]
[Result "1/2-1/2"]
[WhiteElo "2124"]
[BlackElo "2151"]
[PlyCount "86"]
[EventDate "2015.01.17"]
[EventType "tourn"]
[EventRounds "9"]
[EventCountry "CZE"]
[EventCategory "1"]
[Source "lmi"]
[SourceDate "2015.01.17"]

1. d4 d5 2. c4 c6 3. Nf3 Nf6 4. e3 e6 5. Bd3 Nbd7 6. Nbd2 Be7 7. O-O O-O 8. e4
dxe4 9. Nxe4 Nxe4 10. Bxe4 Nf6 11. Bc2 b6 12. Bf4 Bb7 13. Qd2 c5 14. Rad1 Rc8
15. dxc5 Qxd2 16. Rxd2 Bxc5 17. Ne5 Bb4 18. Rdd1 Rfd8 19. Rxd8+ Rxd8 20. a3 Be7
21. Rd1 Rxd1+ 22. Bxd1 Ne4 23. Ba4 Nc5 24. Bc2 f6 25. Nd3 e5 26. Nxc5 Bxc5 27.
Bd2 Bd4 28. b4 g6 29. Kf1 Kf7 30. f3 Bc8 31. Ke2 Be6 32. Bd3 Ke7 33. Be3 Bxe3
34. Kxe3 Kd6 35. g4 f5 36. gxf5 Bxf5 37. Bxf5 gxf5 38. f4 e4 39. Kd4 Kc6 40.
Ke3 Kd6 41. Kd4 Kc6 42. Ke3 Kd6 43. Kd4 Kc6 1/2-1/2

[Event "Open Marianske Lazne 2015 - B1 - mistro"]
[Site "Marianske Lazne CZE"]
[Date "2015.01.20"]
[Round "4.5"]
[White "Lokander, Martin"]
[Black "Jurek, Josef"]
[Result "1/2-1/2"]
[WhiteElo "2357"]
[BlackElo "2291"]
[PlyCount "114"]
[EventDate "2015.01.17"]
[EventType "tourn"]
[EventRounds "9"]
[EventCountry "CZE"]
[EventCategory "1"]
[Source "lmi"]
[SourceDate "2015.01.17"]

1. d4 e6 2. c4 Nf6 3. Nc3 Bb4 4. f3 d5 5. a3 Bxc3+ 6. bxc3 c5 7. cxd5 Nxd5 8.
dxc5 Qa5 9. e4 Ne7 10. Be3 O-O 11. Qb3 Qc7 12. Bb5 Nec6 13. Ne2 Na5 14. Qb4 e5
15. O-O Na6 16. Bxa6 bxa6 17. Rad1 Rb8 18. Qa4 Rb2 19. Ng3 Be6 20. Rd5 f5 21.
f4 fxe4 22. Rxe5 Nc4 23. Rxe4 Nxe3 24. Rxe3 Qxc5 25. Qd4 Qxd4 26. cxd4 Bd5 27.
Re2 Rxe2 28. Nxe2 Bc4 29. Kf2 Re8 30. Re1 Re4 31. Kf3 Bd5 32. Kf2 Bc4 33. g3
Bxe2 34. Rxe2 Rxd4 35. Kf3 Kf7 36. Re3 h5 37. Rc3 Ra4 38. Kg2 g6 39. Kh3 Kg7
40. Kh4 Kh6 41. Kh3 Kg7 42. Kg2 Kf6 43. Kf3 Kf5 44. h3 Kf6 45. g4 hxg4+ 46.
Kxg4 Kg7 47. h4 Kf6 48. Rc6+ Kg7 49. h5 gxh5+ 50. Kg5 Rxa3 51. Rc7+ Kg8 52.
Rxa7 Rg3+ 53. Kf6 h4 54. Rxa6 h3 55. Ra5 h2 56. Rh5 Rg2 57. f5 Ra2 1/2-1/2

[Event "Open Marianske Lazne 2015 - B1 - mistro"]
[Site "Marianske Lazne CZE"]
[Date "2015.01.20"]
[Round "5.1"]
[White "Jurek, Josef"]
[Black "Gadimbayli, Abdulla"]
[Result "0-1"]
[WhiteElo "2291"]
[BlackElo "2184"]
[PlyCount "76"]
[EventDate "2015.01.17"]
[EventType "tourn"]
[EventRounds "9"]
[EventCountry "CZE"]
[EventCategory "1"]
[Source "lmi"]
[SourceDate "2015.01.17"]

1. Nf3 d5 2. g3 Nf6 3. Bg2 c6 4. c4 Bg4 5. Ne5 Be6 6. cxd5 Bxd5 7. Nf3 c5 8.
Nc3 Bc6 9. O-O Nbd7 10. d3 e6 11. e4 Be7 12. Qe2 e5 13. Nh4 O-O 14. Nf5 Re8 15.
Nxe7+ Qxe7 16. Be3 Rad8 17. Rfc1 b6 18. a4 Nf8 19. a5 Ne6 20. axb6 axb6 21. Ra6
Qc7 22. Rca1 Bb7 23. Ra7 Qb8 24. f4 Bc6 25. Bh3 Nd4 26. Qd1 c4 27. dxc4 Nxe4
28. Nd5 Nb5 29. cxb5 Bxd5 30. Qc2 Nc5 31. Bxc5 bxc5 32. Qxc5 exf4 33. Bd7 fxg3
34. Qxd5 Qb6+ 35. Kh1 Re2 36. Qxf7+ Kxf7 37. Bg4+ Kg8 38. Bxe2 Qh6 0-1

[Event "Open Marianske Lazne 2015 - B1 - mistro"]
[Site "Marianske Lazne CZE"]
[Date "2015.01.20"]
[Round "5.2"]
[White "Gungl, Theo"]
[Black "Lokander, Martin"]
[Result "1-0"]
[WhiteElo "2151"]
[BlackElo "2357"]
[PlyCount "89"]
[EventDate "2015.01.17"]
[EventType "tourn"]
[EventRounds "9"]
[EventCountry "CZE"]
[EventCategory "1"]
[Source "lmi"]
[SourceDate "2015.01.17"]

1. d4 Nf6 2. c4 g6 3. Nc3 d5 4. Nf3 Bg7 5. Bf4 O-O 6. Rc1 Be6 7. Ng5 c5 8. dxc5
d4 9. Nce4 Nxe4 10. Nxe4 Bf5 11. Ng3 e5 12. Nxf5 exf4 13. Nxg7 Kxg7 14. Qd2 Nc6
15. g3 f3 16. exf3 Re8+ 17. Kd1 d3 18. Rc3 Qf6 19. f4 Nd4 20. Rxd3 Qc6 21. Rg1
Ne6 22. Bg2 Qxc5 23. Bd5 Rad8 24. Re1 Nc7 25. Rxe8 Nxe8 26. Bxb7 Rxd3 27. Qxd3
Qxf2 28. Qe2 Qd4+ 29. Kc2 Nd6 30. Bd5 Kh6 31. Qd2 Qg1 32. a3 Nf5 33. Kb3 Ne3
34. Ka2 Ng4 35. Qg2 Qxg2 36. Bxg2 Kg7 37. c5 Kf8 38. c6 Ke7 39. Bh3 f5 40. Bxg4
fxg4 41. b4 Kd6 42. b5 a5 43. Kb3 Kc7 44. Kc4 Kd6 45. a4 1-0

[Event "Open Marianske Lazne 2015 - B1 - mistro"]
[Site "Marianske Lazne CZE"]
[Date "2015.01.20"]
[Round "5.3"]
[White "Gumularz, Szymon"]
[Black "Martynkova, Olena"]
[Result "1-0"]
[WhiteElo "2256"]
[BlackElo "2124"]
[PlyCount "61"]
[EventDate "2015.01.17"]
[EventType "tourn"]
[EventRounds "9"]
[EventCountry "CZE"]
[EventCategory "1"]
[Source "lmi"]
[SourceDate "2015.01.17"]

1. e4 c5 2. Nf3 e6 3. d4 cxd4 4. Nxd4 Nc6 5. Nc3 Qc7 6. f4 a6 7. Nxc6 Qxc6 8.
Bd3 d6 9. Qe2 Nf6 10. Bd2 Be7 11. O-O-O O-O 12. e5 Nd7 13. exd6 Bxd6 14. Ne4
Be7 15. Bc3 Qc7 16. Rdf1 e5 17. Ng3 Re8 18. Nh5 g6 19. fxe5 Bg5+ 20. Kb1 Nxe5
21. h4 Bd8 22. Re1 f6 23. Nf4 Rf8 24. Nd5 Qg7 25. Bxe5 fxe5 26. h5 Be6 27. hxg6
hxg6 28. Ne3 Bf6 29. Ng4 Bxg4 30. Bc4+ Rf7 31. Qxg4 1-0

[Event "Open Marianske Lazne 2015 - B1 - mistro"]
[Site "Marianske Lazne CZE"]
[Date "2015.01.20"]
[Round "5.4"]
[White "Repka, Christopher"]
[Black "Mazja, Aleksandr G"]
[Result "1-0"]
[WhiteElo "2417"]
[BlackElo "2297"]
[PlyCount "49"]
[EventDate "2015.01.17"]
[EventType "tourn"]
[EventRounds "9"]
[EventCountry "CZE"]
[EventCategory "1"]
[Source "lmi"]
[SourceDate "2015.01.17"]

1. d4 d6 2. Nf3 f5 3. Nc3 Nf6 4. Bg5 e6 5. e4 h6 6. Bxf6 Qxf6 7. exf5 Qxf5 8.
Bd3 Qh5 9. Qe2 Be7 10. O-O-O Bd7 11. Rhe1 Kd8 12. Kb1 Re8 13. Bc4 Bf8 14. Rd3
b5 15. g4 Qxg4 16. Bxb5 c6 17. Ba4 Na6 18. Qd2 Nb4 19. Rde3 a5 20. a3 Na6 21.
h3 Qh5 22. d5 exd5 23. Rxe8+ Bxe8 24. Nd4 Nc5 25. Rxe8+ 1-0

[Event "Open Marianske Lazne 2015 - B1 - mistro"]
[Site "Marianske Lazne CZE"]
[Date "2015.01.20"]
[Round "5.5"]
[White "Ioannidis, Evgenios"]
[Black "Demidov, Mikhail"]
[Result "0-1"]
[WhiteElo "2087"]
[BlackElo "2519"]
[PlyCount "38"]
[EventDate "2015.01.17"]
[EventType "tourn"]
[EventRounds "9"]
[EventCountry "CZE"]
[EventCategory "1"]
[Source "lmi"]
[SourceDate "2015.01.17"]

1. d4 d5 2. c4 c6 3. Nf3 Nf6 4. Nc3 dxc4 5. e3 b5 6. a4 b4 7. Nb1 Ba6 8. Bd2 e6
9. Qc2 Qd5 10. Be2 Bd6 11. O-O Nbd7 12. Rc1 c5 13. Bxc4 Bxc4 14. Qxc4 Qxc4 15.
Rxc4 a5 16. b3 Rc8 17. dxc5 Rxc5 18. Rd4 Ke7 19. Be1 Rc1 0-1

[Event "Open Marianske Lazne 2015 - B1 - mistro"]
[Site "Marianske Lazne CZE"]
[Date "2015.01.21"]
[Round "6.1"]
[White "Gadimbayli, Abdulla"]
[Black "Demidov, Mikhail"]
[Result "1/2-1/2"]
[WhiteElo "2184"]
[BlackElo "2519"]
[PlyCount "67"]
[EventDate "2015.01.17"]
[EventType "tourn"]
[EventRounds "9"]
[EventCountry "CZE"]
[EventCategory "1"]
[Source "lmi"]
[SourceDate "2015.01.17"]

1. e4 e6 2. d4 d5 3. Nd2 Be7 4. c3 c5 5. dxc5 Nf6 6. exd5 Qxd5 7. b4 Qe5+ 8.
Be2 Qxc3 9. Rb1 Qe5 10. Ngf3 Qc7 11. O-O O-O 12. Bb2 Nbd7 13. Rc1 Nd5 14. Qb3
Bf6 15. Ne4 Bxb2 16. Qxb2 N7f6 17. Nxf6+ Nxf6 18. Ne5 Bd7 19. b5 Rfc8 20. Bf3
Be8 21. g3 Nd5 22. Bxd5 exd5 23. a4 Qa5 24. Qd4 Rc7 25. c6 bxc6 26. bxc6 Rd8
27. Rc5 Qb6 28. Rd1 h6 29. a5 Qb3 30. Rd3 Qb1+ 31. Rd1 Qb3 32. Rd3 Qb1+ 33. Rd1
Qb3 34. Rd3 1/2-1/2

[Event "Open Marianske Lazne 2015 - B1 - mistro"]
[Site "Marianske Lazne CZE"]
[Date "2015.01.21"]
[Round "6.2"]
[White "Mazja, Aleksandr G"]
[Black "Ioannidis, Evgenios"]
[Result "0-1"]
[WhiteElo "2297"]
[BlackElo "2087"]
[PlyCount "110"]
[EventDate "2015.01.17"]
[EventType "tourn"]
[EventRounds "9"]
[EventCountry "CZE"]
[EventCategory "1"]
[Source "lmi"]
[SourceDate "2015.01.17"]

1. d4 Nf6 2. Nf3 d5 3. c4 c6 4. Nc3 e6 5. cxd5 cxd5 6. Bg5 Be7 7. e3 O-O 8. Bd3
Nc6 9. O-O h6 10. Bh4 Ne4 11. Bxe7 Nxc3 12. Bxd8 Nxd1 13. Be7 Nxe7 14. Rfxd1 a6
15. b4 Bd7 16. a4 Rfc8 17. b5 Rc3 18. Bf1 Kf8 19. Rdc1 Rxc1 20. Rxc1 axb5 21.
axb5 Ra5 22. Rc7 Bc8 23. g3 Ke8 24. Ne5 Ra8 25. b6 Ra1 26. Nc6 Nxc6 27. Rxc8+
Nd8 28. Rc5 Rb1 29. Rb5 Rxb5 30. Bxb5+ Ke7 31. f3 Kd6 32. Be8 f6 33. Kg2 Nc6
34. Kh3 Na5 35. Kg4 Nc4 36. e4 Nxb6 37. Kh5 dxe4 38. fxe4 Nd7 39. Kg6 Ke7 40.
Bf7 e5 41. d5 Kf8 42. d6 b5 43. Bd5 b4 44. Kf5 Nc5 45. g4 b3 46. h4 b2 47. Ba2
Na4 48. Bb1 Nc3 49. Bd3 b1=Q 50. Bxb1 Kf7 51. h5 Nxb1 52. d7 Ke7 53. Kg6 Nc3
54. Kxg7 Nxe4 55. Kxh6 Kxd7 0-1